Statistics for Groups of Twelve Quiz

Click here to take the quiz!

General Stats

  • This quiz has been taken 62,063 times
    (41,750 since last reset)
  • The average score is 51 of 96

Answer Stats

Group Answer % Correct
South American CountriesBrazil
95%
South American CountriesArgentina
94%
South American CountriesChile
92%
South American CountriesColombia
88%
South American CountriesPeru
88%
South American CountriesUruguay
88%
South American CountriesParaguay
87%
South American CountriesVenezuela
85%
Original NATO MembersUnited States
84%
Original NATO MembersUnited Kingdom
84%
South American CountriesBolivia
83%
Original NATO MembersFrance
83%
South American CountriesEcuador
80%
Signs of the ZodiacCancer
77%
Signs of the ZodiacLeo
75%
South American CountriesSuriname
74%
Jesus' ApostlesJohn
74%
South American CountriesGuyana
73%
Original NATO MembersCanada
71%
Signs of the ZodiacSagittarius
71%
Modern BirthstonesRuby
70%
Original NATO MembersItaly
70%
Signs of the ZodiacPisces
70%
Signs of the ZodiacTaurus
69%
Signs of the ZodiacGemini
69%
Signs of the ZodiacCapricorn
69%
Signs of the Chinese ZodiacDragon
68%
Jesus' ApostlesJudas
68%
Gifts on the 12 days of Christmas5 Golden Rings
67%
Jesus' ApostlesPeter
67%
Gifts on the 12 days of ChristmasA Partridge in a Pear Tree
66%
Modern BirthstonesDiamond
66%
Gifts on the 12 days of Christmas2 Turtle Doves
65%
Original NATO MembersBelgium
64%
Signs of the Chinese ZodiacRat
64%
Modern BirthstonesEmerald
63%
Jesus' ApostlesMatthew
63%
Signs of the ZodiacAquarius
62%
Signs of the ZodiacLibra
62%
Signs of the ZodiacAries
62%
Original NATO MembersNorway
62%
Gifts on the 12 days of Christmas3 French Hens
61%
Signs of the Chinese ZodiacDog
61%
Signs of the ZodiacVirgo
60%
Original NATO MembersDenmark
60%
Modern BirthstonesSapphire
59%
Original NATO MembersNetherlands
58%
Signs of the ZodiacScorpio
58%
Signs of the Chinese ZodiacSnake
57%
Original NATO MembersPortugal
55%
Signs of the Chinese ZodiacPig
51%
Gifts on the 12 days of Christmas8 Maids a-Milking
51%
Gifts on the 12 days of Christmas4 Calling Birds
51%
Signs of the Chinese ZodiacHorse
50%
Modern BirthstonesOpal or Tourmaline
49%
Gifts on the 12 days of Christmas6 Geese a-Laying
48%
Gifts on the 12 days of Christmas10 Lords a-Leaping
48%
Signs of the Chinese ZodiacTiger
47%
Signs of the Chinese ZodiacMonkey
46%
Signs of the Chinese ZodiacGoat
45%
Gifts on the 12 days of Christmas7 Swans a-Swimming
44%
Gifts on the 12 days of Christmas12 Drummers Drumming
44%
Signs of the Chinese ZodiacRooster
44%
Original NATO MembersLuxembourg
43%
Original NATO MembersIceland
42%
Modern BirthstonesTopaz or Citrine
42%
Gifts on the 12 days of Christmas9 Ladies Dancing
41%
Gifts on the 12 days of Christmas11 Pipers Piping
41%
Modern BirthstonesPearl, Moonstone, or
Alexandrite
40%
Beatles LP's (UK)The White Album
39%
Beatles LP's (UK)Abbey Road
38%
Jesus' ApostlesSimon
38%
Jesus' ApostlesJames
38%
Modern BirthstonesAmethyst
38%
Jesus' ApostlesThomas
38%
Beatles LP's (UK)Yellow Submarine
37%
Signs of the Chinese ZodiacRabbit
37%
Beatles LP's (UK)Sgt. Pepper's...
34%
Modern BirthstonesGarnet
30%
Jesus' ApostlesAndrew
30%
Signs of the Chinese ZodiacOx
28%
Beatles LP's (UK)Help!
27%
Modern BirthstonesAquamarine or
Bloodstone
26%
Jesus' ApostlesBartholomew
25%
Modern BirthstonesTurquoise, Zircon, or
Tanzanite
24%
Beatles LP's (UK)Let It Be
22%
Beatles LP's (UK)A Hard Day's Night
20%
Beatles LP's (UK)Revolver
20%
Jesus' ApostlesThaddaeus
19%
Jesus' ApostlesPhilip
16%
Beatles LP's (UK)Rubber Soul
16%
Modern BirthstonesPeridot
16%
Beatles LP's (UK)Please Please Me
13%
Beatles LP's (UK)With The Beatles
9%
Beatles LP's (UK)Beatles for Sale
7%

Score Distribution

Percentile by Number Answered

Percent of People with Each Score

Your Score History

You have not taken this quiz since the last reset